| 000 | 00000nas##2200000za#4500 |
| 001 | 9.511716 |
| 003 | CaOODSP |
| 005 | 20200325113805 |
| 007 | ta |
| 008 | 150406c2002||||xxc|| p #||||f| |0eng|d |
| 022 | |a1706-3310 |
| 040 | |aCaOODSP|beng |
| 041 | |aeng |
| 041 | |afre |
| 043 | |an-cn--- |
| 086 | 1 |aCi1 |
| 110 | 1 |aCanada. |bCitizenship and Immigration Canada. |
| 245 | 10|aAnnual report to Parliament on immigration |
| 260 | |aOttawa - Ontario : |bCitizenship and Immigration Canada |
| 300 | |aEnglish text, ; |c28 cm. |
| 310 | |aAnnual |
| 362 | 1 |a2002-- |
| 500 | |a"... a presentation of the annual immigration levels plan. It provides an overview of projected immigration levels for the upcoming year as well as a comparison of planned versus actual levels for the current year." |
| 520 | 3 |aPresents an overview of the current context of Canada’s immigration program, a review of some of the key challenges facing the Department and the initiatives it has developed in response. |
| 563 | |aSoftcover |
| 690 | 07|aImmigration|2gcpds |
| 776 | 0#|tAnnual report to Parliament on immigration |w(CaOODSP)9.505769 |
| 792 | |tRapport annuel au Parlement sur l'immigration |efre|w(CaOODSP)9.511717 |